Les séries télévisées : L'avenir du cinéma ? (notice n° 1566221)
[ vue normale ]
| 000 -LEADER | |
|---|---|
| fixed length control field | 01440cam a2200133 4500500 |
| 005 - DATE AND TIME OF LATEST TRANSACTION | |
| control field | 20251214001511.0 |
| 041 ## - LANGUAGE CODE | |
| Language code of text/sound track or separate title | fre |
| 042 ## - AUTHENTICATION CODE | |
| Authentication code | dc |
| 100 10 - MAIN ENTRY--PERSONAL NAME | |
| Personal name | Esquenazi, Jean-Pierre |
| Relator term | author |
| 245 00 - TITLE STATEMENT | |
| Title | Les séries télévisées : L'avenir du cinéma ? |
| 260 ## - PUBLICATION, DISTRIBUTION, ETC. | |
| Name of publisher, distributor, etc. | Armand Colin,<br/> |
| Date of publication, distribution, etc. | 2014.<br/> |
| 520 ## - SUMMARY, ETC. | |
| Summary, etc. | Phénomène de société autant que médiatique, les séries ont littéralement explosé sur nos écrans depuis une dizaine d’années. De secondaires, elles sont devenues bien souvent le principal « programme d’appel » de la télévision. Suivies avec passion par toutes les classes et tous les âges de la population, les séries télévisées font désormais partie intégrante de nos sociétés.Cet ouvrage, premier en son genre, cherche à comprendre ce phénomène culturel et artistique exceptionnel en en présentant les racines économiques et culturelles mais aussi en révélant les mutations qu’il a entraînées dans le système de production et les modes d’écriture.À travers de très nombreux exemples, de Star Trek à Six Feet Under, de Mission : Impossible à Sex in the City…, sont ici analysées et commentées ces nouvelles formes narratives et esthétiques qui mettent en scène des mondes complexes et s’attachent à révéler des personnalités en prise directe avec notre temps. |
| 856 41 - ELECTRONIC LOCATION AND ACCESS | |
| Uniform Resource Identifier | <a href="https://shs.cairn.info/les-series-televisees--9782200293635?lang=fr&redirect-ssocas=7080">https://shs.cairn.info/les-series-televisees--9782200293635?lang=fr&redirect-ssocas=7080</a> |
Pas d'exemplaire disponible.




Réseaux sociaux